000 00552nam a2200193Ia 4500
001 22002
003 GE_BSU
008 181216s||||||||xx |||||||||||||| ||und||
040 _cGE_BSU
245 _aГенетика. Том 53, №12. Декабрь 2017
245 _cГл. ред. Янковский
260 _aМосква
260 _c2017
300 _a1363-1462 стр. 29 см.
653 _aГенетика. Том 53, №12. Декабрь 2017
653 _aПериодика
653 _aპერიოდიკა
942 _cCR
999 _c54931
_d54931